Sector study 62 (Record no. 109012)
[ view plain ]
| 000 -LEADER | |
|---|---|
| fixed length control field | 01866cad a22002535a 4500 |
| 001 - CONTROL NUMBER | |
| control field | L145997 |
| 008 - FIXED-LENGTH DATA ELEMENTS--GENERAL INFORMATION | |
| fixed length control field | 081201s2008 xxkd f s f000 0 eng d |
| 035 ## - SYSTEM CONTROL NUMBER | |
| System control number | (Sirsi) u145997 |
| 041 0# - LANGUAGE CODE | |
| Language code of text/sound track or separate title | eng |
| 050 04 - LIBRARY OF CONGRESS CALL NUMBER | |
| Classification number | 333.33 $2 18 |
| 100 1# - MAIN ENTRY--PERSONAL NAME | |
| Personal name | Pawson, Hal |
| 245 00 - TITLE STATEMENT | |
| Title | Sector study 62 |
| Remainder of title | Analysing key trends in the supply and distribution of social housing lettings |
| Medium | [electronic resource] |
| 260 ## - PUBLICATION, DISTRIBUTION, ETC. | |
| Place of publication, distribution, etc. | Cambridge |
| Name of publisher, distributor, etc. | Housing Corporation |
| Date of publication, distribution, etc. | 2008 |
| 505 2# - FORMATTED CONTENTS NOTE | |
| Formatted contents note | Key findings -- Factors underlying the reduction in lettings supply -- The decline in inflow of newly built dwellings -- The declining incidence of re-lets -- Factors underlying declining re-let supply -- Changing affordability of home ownership -- Policy factors -- Information tenancy changes -- Abandonments -- Deaths -- Factors underlying the declining incidence of lettings, summary -- Future prospects -- Profile of households entering social housing -- Ethnic Origin -- Employment status -- Social housing moves and spatial mobility -- Social housing moves and ethnic segregation -- Endnote |
| 520 ## - SUMMARY, ETC. | |
| Summary, etc. | In the decade to 2006/07, the number of social lettings in England fell by 40%. This study looks at the factors leading to this trend and looks at how lettings processes are affecting the residualisation of social housing and the ethnic segregation of communities. It also assesses the geographical distances travelled by those moving to take up social tenancies and how choice-based lettings impact upon the pattern of house moves. |
| 521 ## - TARGET AUDIENCE NOTE | |
| Target audience note | Advanced |
| 590 ## - LOCAL NOTE (RLIN) | |
| Local note | KA |
| 651 #4 - SUBJECT ADDED ENTRY--GEOGRAPHIC NAME | |
| Geographic name | England and Wales |
| Chronological subdivision | 1543- |
| 690 ## - LOCAL SUBJECT ADDED ENTRY--TOPICAL TERM (OCLC, RLIN) | |
| Topical term or geographic name as entry element | Residential property |
| 9 (RLIN) | 6266 |
| 700 1# - ADDED ENTRY--PERSONAL NAME | |
| Personal name | Watkins, David |
| 710 1# - ADDED ENTRY--CORPORATE NAME | |
| Corporate name or jurisdiction name as entry element | United Kingdom |
| Subordinate unit | Housing Corporation |
| 9 (RLIN) | 5568 |
| 856 40 - ELECTRONIC LOCATION AND ACCESS | |
| Uniform Resource Identifier | <a href="https://www.housingcorp.gov.uk/server/show/ConWebDoc.16160">https://www.housingcorp.gov.uk/server/show/ConWebDoc.16160</a> |
| Public note | View the item free of charge online at www.housingcorp.gov.uk... |
| 942 ## - ADDED ENTRY ELEMENTS (KOHA) | |
| Suppress in OPAC | 0 |
| Withdrawn status | Lost status | Source of classification or shelving scheme | Damaged status | Not for loan | Home library | Current library | Shelving location | Date acquired | Total Checkouts | Full call number | Barcode | Date last seen | Copy number | Price effective from | Koha item type |
|---|---|---|---|---|---|---|---|---|---|---|---|---|---|---|---|
| Dewey Decimal Classification | Virtual | Virtual | Online | 01/12/2008 | ONLINE PUBLICATION | 145997-1001 | 06/08/2019 | 1 | 06/08/2019 | Book |